000 00501nam a2200169Ia 4500
005 20250508153322.0
008 008 250505s9999 xx 000 0 eng d
037 _aBooks to be hide in OPAC
040 _aFEDL
_beng
_cFEDL
041 _aeng
_2eng
084 _a378.54, BEN/O
_qFEDL
245 0 _aHand book of the Benares Hindu University
260 _aAllahabad, India
_bIndian Press Limited
_c1918
300 _aii,255p.
942 _cHB
_h378.54, BEN/O
999 _c1341989
_d1341989